000 00675cam a22002413a 4500
001 6084
003 PGUSA
005 20140828083128.0
008 040701s2004||||xxu|||||s|||||000 | eng d
040 _aPGUSA
_beng
042 _adc
050 4 _aML
100 1 _aSchumann, Robert,
_d1810-1856
245 1 0 _aQuartet in a minor, op. 41, no. 1
_h[electronic resource] /
_cRobert Schumann
260 _bProject Gutenberg,
_c2004
500 _aMusical score
506 _aPublic domain in the USA.
516 _aElectronic text
653 _aString quartets -- Scores
830 0 _aProject Gutenberg
_v6084
856 4 0 _uhttp://www.gutenberg.org/ebooks/6084
942 _cEB
999 _c235412
_d235412